Vybrané dopady na podnikové projekty adaptácie informačných systémov na euro

Generálny zákon a jeho vybrané dopady na účtovníctvo a výkazníctvo. Štruktúra a ciele zákona.

Gespeichert in:
Bibliographische Detailangaben
1. Verfasser: Fabian, Marián
Format: Buchkapitel
Sprache:Slowakisch
Schlagworte:
Tags: Tag hinzufügen
Keine Tags, Fügen Sie das erste Tag hinzu!

MARC

LEADER 00000naa$a2200000$$$4500
001 0065763
005 20231127093043.8
041 0 |a slo 
044 |a SK 
245 1 0 |a Vybrané dopady na podnikové projekty adaptácie informačných systémov na euro  |c Marián Fabian 
520 |a Generálny zákon a jeho vybrané dopady na účtovníctvo a výkazníctvo. Štruktúra a ciele zákona. 
610 2 0 |a Slovensko 
610 2 0 |a legislatíva 
610 2 0 |a únie menové 
610 2 0 |a Európska menová únia 
610 2 0 |a systémy informačné 
610 2 0 |a projekty 
610 2 0 |a účtovníctvo 
610 2 0 |a výkazníctvo účtovné 
610 2 0 |a podnik 
610 2 0 |a euro 
100 1 |a Fabian, Marián